000 00450nam a2200193Ia 4500
005 20240823051300.0
008 240823s9999||||xx |||||||||||||| ||und||
020 _a81-7130-480-X
041 _aMALAYALAM
082 _A791.4372 Q2
100 _aVaikom Muhammad Basheer
245 0 _aBhargaveenilayam
250 _a1st
260 _c2012
_b"D C Books,Kot"
500 _aYES
650 _aScreen Play
_bGeneral
942 _cBK
999 _c219224
_d219224